The noble scholar, jurist, historian


 His Excellency Dr. Abdul Wahhab bin Ibrahim Abu Sulaiman, may Allah have mercy on him.


 He was born in Umm Al-Qura in the year 1356 AH.

كتاب الدر النظيم في خواص القرآن الكريم / (Record no. 13018)

MARC details
000 -LEADER
fixed length control field 01058cam a22002531i 4500
003 - CONTROL NUMBER IDENTIFIER
control field SA-RiAUC
005 - DATE AND TIME OF LATEST TRANSACTION
control field 20251105125844.0
008 - FIXED-LENGTH DATA ELEMENTS--GENERAL INFORMATION
fixed length control field 251102q19001999ua g 000 0 ara c
040 ## - CATALOGING SOURCE
Original cataloging agency OM-MuAAL
Language of cataloging ara
Transcribing agency SA-RiAUC
Description conventions rda
082 04 - DEWEY DECIMAL CLASSIFICATION NUMBER
Classification number 229.8
Assigning agency SA-RiAUC
090 ## - LOCALLY ASSIGNED LC-TYPE CALL NUMBER (OCLC); LOCAL CALL NUMBER (RLIN)
Classification number (OCLC) (R) ; Classification number, CALL (RLIN) (NR) 229.8
Local cutter number (OCLC) ; Book number/undivided call number, CALL (RLIN) ي ا ف
100 1# - MAIN ENTRY--PERSONAL NAME
Personal name اليافعي، عبد الله بن أسعد بن علي،
Dates associated with a name 698-768 هجري
Relator term مؤلف.
245 10 - TITLE STATEMENT
Title كتاب الدر النظيم في خواص القرآن الكريم /
Statement of responsibility, etc. عبد الله بن أسعد اليمني اليافعي الشافعي.
246 30 - VARYING FORM OF TITLE
Title proper/short title الدر النظيم في خواص القرآن الكريم
264 #1 - PRODUCTION, PUBLICATION, DISTRIBUTION, MANUFACTURE, AND COPYRIGHT NOTICE
Place of production, publication, distribution, manufacture [القاهرة] :
Name of producer, publisher, distributor, manufacturer مكتبة جمهورية مصر العربية،
Date of production, publication, distribution, manufacture, or copyright notice [بين 1900 و1999]
300 ## - PHYSICAL DESCRIPTION
Extent 142 صفحة ؛
Dimensions 19 سم
336 ## - CONTENT TYPE
Content type term نص
Content type code txt
Source rdacontent
Materials specified كتاب
337 ## - MEDIA TYPE
Media type term بدون وسيط
Media type code n
Source rdamedia
338 ## - CARRIER TYPE
Carrier type term مجلد
Carrier type code nc
Source rdacarrier
630 27 - SUBJECT ADDED ENTRY--UNIFORM TITLE
Uniform title القرآن
General subdivision خواص
Source of heading or term aucut
730 22 - ADDED ENTRY--UNIFORM TITLE
Uniform title القرآن
942 ## - ADDED ENTRY ELEMENTS (KOHA)
Source of classification or shelving scheme Dewey Decimal Classification
Koha item type Books
Suppress in OPAC No
949 ## - LOCAL PROCESSING INFORMATION (OCLC)
a SA-JeALM
d 251102
u mohamedma123
n 1
Holdings
Withdrawn status Lost status Source of classification or shelving scheme Damaged status Not for loan Home library Current library Date acquired Total checkouts Full call number Barcode Date last seen Price effective from Koha item type
    Dewey Decimal Classification     DR AbdElwahab Library DR AbdElwahab Library 11/05/2025   229.8 ي ا ف 000020834 11/05/2025 11/05/2025 Books